000
00295nam a2200121Ia 4500
008
190216s9999||||xx |||||||||||||| ||und||
100
_a
Ralph Mylius
245
0
_a
Lotus 123
260
_b
Bpb Publications
_c
1987
300
_a
212p
650
_a
"Computer Programming. Programs, Data"
942
_c
BK
999
_c
8433
_d
8433